000 00238nam a2200121Ia 4500
100 _a#N/A
650 _aComputer/ IT
942 _cBK
654 _amicroprocesser
245 _aMicroprocesser - 8085
260 _b#N/A
546 _aENGLISH
999 _c24802
_d24802